Представление документа в формате RUSMARC

ПолеНазваниеЗначение
  Тип записи a
  Библиографический уровень m
001 Контрольный номер b893539a09e844a489a601b5c67df41e
005 Дата корректировки 20150227025600.1
101 Язык документа 0_
a Язык текста rus
102 Страна публикации __
a Страна публикации RU
200 Заглавие и сведения об ответственности 1_
a Заглавие Управление персоналом
b Общее обозначение материала Текст
e Сведения, относящиеся к заглавию учебно-информационный комплекс
f Первые сведения об ответственности Н.В. Шульженко
210 Выходные данные 1_
a Место издания Хабаровск
c Издательство Российский университет кооперации.Дальневосточный филиал
d Дата издания 2014
215 Физическое описание __
a Объем 46 с.
610 Ключевые слова 0_
a Ключевые слова управление персоналом
686 Индексы других классификаций __
a Классификационный индекс 65.291
702 Вторичная интеллектуальная ответственность _1
a Фамилия Шульженко
b Имя н.в.
e Роль лиц Составитель
801 Источник записи _0
a Страна RU
b Организация РУК
g Правила каталогизации PSBO
801 Источник записи _1
a Страна RU
b Организация РУК
g Правила каталогизации PSBO
852 Данные о местонахождении __
i Авторский знак У 677
j Шифр хранения 65.291
901 Тип документа __
t Тип документа m
937 Технологическая информация __
a Создатель записи (имя) Лобан
938 Служебная информация __
a Название организации Дальневосточный филиал
952 Тип литературы __
c Вид литературы учебно-методическое издание